| 000 | 01022nam a22003137a 4500 | ||
|---|---|---|---|
| 003 | CHAP | ||
| 005 | 20220817042118.0 | ||
| 008 | 971013s r 00010 d | ||
| 010 | _a34936 | ||
| 011 | _a35908 | ||
| 035 | _a40025 | ||
| 040 | _cCHAP | ||
| 090 | _aR-3496 | ||
| 100 | 0 | 0 |
_aRakocy, J. E. _993782 |
| 245 |
_aIntegration of vegetable hydroponics with fish culture _b: a review |
||
| 500 | _aSobretiro de : Aquaculture Engineering Conference (1993 : Spokan, Washington) | ||
| 500 | _aSt. Joseph : American Society of Agricultural Engineers, 1993. | ||
| 500 | _aTechniques for modern Aquaculture. | ||
| 590 |
_aBATCH-UPD _b10 _c20130110 _lUCH01 _h1042 |
||
| 590 |
_aCONVERSION _b10 _c20130109 _lUCH01 _h1320 |
||
| 650 | 1 | 4 |
_aAcuicultura _xCongresos. |
| 650 | 1 | 4 |
_aAgricultura y acuicultura. _92031 |
| 650 | 1 | 4 |
_aHidroponia _xCongresos. _955277 |
| 650 | 1 | 4 |
_aPiscicultura. _988531 |
| 700 | 0 |
_aHargreaves, J. A. _952674 |
|
| 901 | _aBK | ||
| 942 | _cREIMP | ||
| 949 |
_aR-3496 _bBC _cR _d-91413 _eTS1 _i40025 _si |
||
| 999 |
_c34936 _d34936 |
||